Famous Jasons - Statistics

General Stats
  • This quiz has been taken 339 times
    330 since last reset
  • The average score is 6 of 17
Answer Stats
Hint Answer % Correct
Action novel/film character portrayed by Matt Damon Jason Bourne
82%
Actor; in pretty much every Wes Anderson movie.. Jason Schwartzman
49%
George Costanza Jason Alexander
47%
English actor, known for 'Revolver', 'Snatch' and 'The Italian Job' Jason Statham
45%
'Michael Bluth' on' Arrested Development' Jason Bateman
43%
Greek mythological heroes in search of the Golden Fleece Jason and the Argonauts
42%
'Earl' from 'My Name is Earl'; named his kid 'Pilot Inspektor' Jason Lee
37%
'Parenthood' actor; son of the guy who played Jack on 'Three's Company' Jason Ritter
37%
Singer-songwriter, biggest hit was "I'm Yours" Jason Mraz
34%
Jim from 'American Pie' Jason Biggs
33%
Actor from the original 'Beverly Hills 90210'; crashed his racecar into a wall Jason Priestley
31%
R&B/pop singer, first song called "Whatcha Say" Jason Derulo
28%
'Freaks and Geeks', 'How I Met Your Mother', numerous other Judd Apatow films Jason Segel
25%
Goalie mask-clad killer from Friday the 13th Jason Voorhees
12%
'Juno' and 'Thank You For Smoking' director Jason Reitman
9%
Current SNL cast member known for his Mitt Romney impression Jason Sudeikis
9%
Character portrayed by Ryan Kwanten on 'True Blood' Jason Stackhouse
8%
No matching quizzes found
Score Distribution
Percent of People with Each Score
Percentile by Number Answered
Your Score History
You have not taken this quiz since the last reset